Descartes a argumentácia

Bibliographic Details
Main Author: Marcelli, Miroslav, 1947- (Author)
Format: Article
Language:Slovak
ISBN:8088722195
Subjects:

MARC

LEADER 00000nab a2200000 a 4500
001 vtls010276120
003 SK-MaSNL
005 20260426053145.0
008 110505c1996 xo r m 000 00slo
015 |a SNBRA2011/05SVKPO 
038 |a SVKPO 
040 |a SVKPOCL  |b slo  |c SVKPOCL  |e AACR2 
041 0 |a slo 
044 |a xo  |c SK 
080 |a 14(44)  |2 2001 
080 |a 1-051  |2 2001 
080 |a 14(44)(091)  |2 2001 
100 1 |a Marcelli, Miroslav,  |d 1947-  |4 aut  |9 228613 
245 1 0 |a Descartes a argumentácia  |c Miroslav Marcelli 
504 |a Bibliogr. odkazy 
546 |a Res. franc. (s. 222), res. angl. (s. 226) 
600 1 7 |a Descartes, René,  |d 1596-1650  |t Meditácie  |2 svkpocl  |9 162450 
650 0 7 |a filozofia  |2 svkpocl  |9 793 
773 0 |t Descartes a súčasnosť : Acta Facultatis Philosophicae Universitatis Šafarikanae. Filozofický zborník 4/1996  |d Prešov : Filozofická fakulta Univerzity P. J. Šafárika, 1996  |g S. 57-69  |z 8088722195 
852 |a SVKPO  |b KIS3GCP 
958 |a SK 
958 |a NB 
999 |c 2091913  |d 2093843